Využitie intranetu : Diplomová práca
Guardado en:
| Autor principal: | |
|---|---|
| Otros Autores: | |
| Formato: | Manuscrito Libro |
| Lenguaje: | eslovaco |
| Publicado: |
Trnava :
STU v Bratislave MtF KPIM,
2006
|
| Materias: | |
| Etiquetas: |
Sin Etiquetas, Sea el primero en etiquetar este registro!
|
MARC
| LEADER | 00000ntm a22000003a 4500 | ||
|---|---|---|---|
| 001 | stu122132 | ||
| 005 | 20160719155532.0 | ||
| 008 | 060628s2006----xo------------------slo-d | ||
| 040 | |a STU |b slo | ||
| 041 | 0 | |a slo | |
| 044 | |a xo | ||
| 100 | 1 | |a Michalčík, Stanislav |4 aut | |
| 245 | 1 | |a Využitie intranetu : |b Diplomová práca | |
| 260 | |a Trnava : |b STU v Bratislave MtF KPIM, |c 2006 | ||
| 300 | |a 73 s |c 1 CD | ||
| 650 | 7 | |a priemyselné inžinierstvo a manažment |2 stusub | |
| 650 | 7 | |a informačný systém podniku |2 stusub | |
| 700 | 1 | |a Hambalík, Alexander |4 xxx |u M220 |U MTF Ústav inžinierskej pedagogiky a humatitných vied |T MTF Katedra inžinierskej pedagogiky a psychológie |U M220 |Y M220 | |
| 996 | |b 284M073637 |c M*DP-6165 |l MMSKP |s P |a 0 |w stu122132_0001 | ||